[Event "IECC KO email"]
[Site "IECC email"]
[Date "2002.03.15"]
[Round "?"]
[White "Van Geest, Pim"]
[Black "Morgan, Stephen G"]
[Result "0-1"]
[WhiteElo "1660"]
[BlackElo "2000"]
[PlyCount "40"]
[EventDate "2002.??.??"]
[EventType "tourn (corr)"]
[EventRounds "6"]
[SourceTitle "Corr 2008"]
[Source "ChessBase"]
[SourceDate "2008.06.24"]
[SourceVersion "1"]
[SourceVersionDate "2008.06.24"]
[SourceQuality "1"]

1. e4 Nf6 2. Nc3 d6 3. d4 g6 4. Be3 Bg7 5. Qd2 c6 6. Bh6 0-0 7. h4 e5 8. Bxg7 Kxg7 9. h5 Nxh5 10. Be2 exd4 11. Qxd4+ Nf6 12. 0-0-0 Qb6 13. Qxb6 axb6 14. Rxd6 Be6 15. a3 b5 16. f4 b4 17. axb4 Ra1+ 18. Kd2 Nbd7 19. e5 Nd5 20. Nxd5 cxd5 0-1

[Event "IECC P email"]
[Site "IECC email"]
[Date "2001.04.01"]
[Round "?"]
[White "Van Geest, Pim"]
[Black "Malm, Art"]
[Result "0-1"]
[WhiteElo "1658"]
[BlackElo "1780"]
[PlyCount "44"]
[EventDate "2001.??.??"]
[EventType "tourn (corr)"]
[EventRounds "6"]
[SourceTitle "Corr 2008"]
[Source "ChessBase"]
[SourceDate "2008.06.24"]
[SourceVersion "1"]
[SourceVersionDate "2008.06.24"]
[SourceQuality "1"]

1. e4 d5 2. exd5 Qxd5 3. Nc3 Qa5 4. Nf3 Nf6 5. Be2 Nc6 6. 0-0 e5 7. Bb5 Bd7 8. Bxc6 Bxc6 9. Nxe5 Qxe5 10. Re1 Ne4 11. d4 Qa5 12. Nxe4 0-0-0 13. c3 Re8 14. Ng5 Rxe1+ 15. Qxe1 Qd5 16. f3 h6 17. Nh3 g5 18. Qe5 Qxe5 19. dxe5 Bc5+ 20. Kf1 Re8 21. f4 f6 22. exf6 Bb5+ 0-1

[Event "IECC P email"]
[Site "IECC email"]
[Date "1999.05.19"]
[Round "?"]
[White "Van Geest, Pim"]
[Black "Howard, Lawrence"]
[Result "1-0"]
[WhiteElo "1700"]
[BlackElo "1002"]
[PlyCount "89"]
[EventDate "1999.??.??"]
[EventType "tourn (corr)"]
[EventRounds "6"]
[SourceTitle "Corr 2008"]
[Source "ChessBase"]
[SourceDate "2008.06.24"]
[SourceVersion "1"]
[SourceVersionDate "2008.06.24"]
[SourceQuality "1"]

1. e4 c5 2. Nc3 Nc6 3. d3 e6 4. g3 g6 5. Bg2 Bg7 6. Be3 d6 7. Qd2 Rb8 8. h4 h5 9. Nge2 Nge7 10. 0-0-0 b5 11. Rdf1 b4 12. Nd1 a5 13. b3 a4 14. Nb2 axb3 15. axb3 Qa5 16. Na4 Ba6 17. c4 0-0 18. Bh6 Ra8 19. Bxg7 Kxg7 20. f4 Rae8 21. Qe3 f6 22. Bh3 Bc8 23. g4 Rg8 24. gxh5 gxh5 25. Ng3 Nd4 26. Kb2 Bd7 27. Ra1 Ra8 28. Rhg1 Kf7 29. Nxh5 Rxg1 30. Qxg1 Rg8 31. Qf2 Rh8 32. Bg4 Qa7 33. Bd1 Nec6 34. e5 dxe5 35. fxe5 f5 36. Qh2 Rg8 37. Nf6 Rh8 38. h5 Qc7 39. Nxd7 Qxd7 40. h6 Nxb3 41. Bxb3 Qd4+ 42. Ka2 Nxe5 43. Bc2 Ng4 44. Qc7+ Kf8 45. Qxc5+ 1-0